[Event "BL 9192 München 36-Empor Berlin"]
[Site "?"]
[Date "1991.??.??"]
[Round "?.6"]
[White "Ruf, M."]
[Black "Rosenthal, D."]
[Result "0-1"]
[WhiteElo "2390"]
[BlackElo "2350"]
[PlyCount "67"]
[EventDate "1991.??.??"]

1. d4 Nf6 2. Nf3 g6 3. c3 Bg7 4. Bg5 O-O 5. Nbd2 d6 6. e4 h6 7. Bh4 g5 8. Bg3
Nh5 9. Bc4 Nxg3 10. hxg3 Nd7 11. Nxg5 hxg5 12. Qh5 Nf6 13. Qxg5 e5 14. O-O-O
Be6 15. dxe5 dxe5 16. Rh4 Nd7 17. Qh5 Re8 18. f4 exf4 19. gxf4 Qf6 20. Bd3 Qg6
21. Qf3 f5 22. exf5 Bxf5 23. Bc4+ Kf8 24. g4 Be4 25. Nxe4 Qxe4 26. Qf1 Rad8 27.
Bd5 Qe3+ 28. Kb1 Nf6 29. Bxb7 Rxd1+ 30. Qxd1 Rb8 31. Bc6 Ne4 32. Bxe4 Rxb2+ 33.
Ka1 Rd2 34. Qb1 0-1

[Event "BL 9192 München 36-Empor Berlin"]
[Site "?"]
[Date "1991.??.??"]
[Round "?.7"]
[White "Schoene, R."]
[Black "Roese, O."]
[Result "0-1"]
[WhiteElo "2345"]
[BlackElo "2375"]
[PlyCount "126"]
[EventDate "1991.??.??"]

1. d4 Nf6 2. c4 g6 3. g3 Bg7 4. Bg2 d5 5. cxd5 Nxd5 6. e4 Nb6 7. Ne2 O-O 8.
Nbc3 e5 9. d5 c6 10. O-O cxd5 11. exd5 Bf5 12. b3 Na6 13. Ba3 Re8 14. Nb5 Qd7
15. Nd6 Red8 16. Nxf5 Qxf5 17. Nc3 Rac8 18. Rc1 Bh6 19. f4 exf4 20. Ne2 Rxc1
21. Bxc1 Bg7 22. Nxf4 Qd7 23. Re1 Qd6 24. Qe2 Nc7 25. Kh1 Bf6 26. Rd1 Re8 27.
Qd2 Nb5 28. Bb2 Bxb2 29. Qxb2 Qe5 30. Qxe5 Rxe5 31. Nd3 Re2 32. Bf1 Re8 33. d6
Nxd6 34. Nc5 Nbc8 35. Bh3 f5 36. Bg2 b6 37. Na6 Kg7 38. Bf3 Nf7 39. Rd7 Re7 40.
Rd2 Ncd6 41. Bd5 Ng5 42. Kg2 Nde4 43. Rc2 Nf6 44. Ba8 Ng4 45. Rc7 Kf6 46. Rxe7
Kxe7 47. Nb4 Kd6 48. Nd3 Ne5 49. Nf4 Ne6 50. Ne2 Kc5 51. h4 Nd3 52. Bb7 Nd4 53.
Nf4 Nc1 54. Bd5 Nxa2 55. Bg8 h6 56. Nxg6 Nc1 57. Ne7 a5 58. Bf7 b5 59. Ng8
Ncxb3 60. Nxh6 a4 61. h5 a3 62. Nxf5 a2 63. Nxd4 Kxd4 0-1

[Event "BL 9192 München 36-Empor Berlin"]
[Site "?"]
[Date "1991.??.??"]
[Round "?.8"]
[White "Reich, T."]
[Black "Meissner, H."]
[Result "1-0"]
[WhiteElo "2400"]
[BlackElo "2250"]
[PlyCount "167"]
[EventDate "1991.??.??"]

1. c4 Nf6 2. Nc3 g6 3. d4 Bg7 4. e4 d6 5. f3 O-O 6. Be3 a6 7. Qd2 Nc6 8. Nge2
Re8 9. Nc1 e5 10. d5 Nd4 11. N1e2 c5 12. dxc6 Nxc6 13. Nd5 Nd7 14. b4 b6 15. g3
Rb8 16. a4 a5 17. b5 Na7 18. g4 Nc5 19. Ra3 Be6 20. Nec3 Nc8 21. h4 Rb7 22. g5
f5 23. gxf6 Bxf6 24. h5 Bh4+ 25. Kd1 g5 26. Bh3 Bxh3 27. Rxh3 Ne6 28. Qg2 Kh8
29. Qg4 Rf7 30. Kd2 Nf4 31. Rxh4 gxh4 32. Nxf4 Rg7 33. Ng6+ hxg6 34. h6 Rf7 35.
Nd5 Rg8 36. Bg5 Qf8 37. Qxh4 Kh7 38. Ke2 Qe8 39. Ra1 Qe6 40. Rh1 Rgf8 41. Rh3
Rf4 42. Bxf4 exf4 43. Qg4 Qxg4 44. fxg4 g5 45. Rh5 Kg6 46. Kf3 Rh8 47. Nxf4+
gxf4 48. Kxf4 Ne7 49. e5 d5 50. Rg5+ Kf7 51. cxd5 Nxd5+ 52. Ke4 Ne7 53. Rg7+
Ke6 54. g5 Rc8 55. h7 Rc4+ 56. Kd3 Rh4 57. g6 Nxg6 58. Rxg6+ Kxe5 59. Rxb6 Rxh7
60. Ra6 Kd5 61. Rxa5 Rh3+ 62. Ke2 Kc5 63. Ra6 Rb3 64. Kd2 Rh3 65. b6 Kc6 66. a5
Kb7 67. Ra7+ Kb8 68. Kc2 Rg3 69. Rc7 Ra3 70. Rc5 Kb7 71. Kb2 Ra4 72. Kb3 Ra1
73. Rc7+ Kb8 74. Kb4 Rb1+ 75. Ka4 Rb2 76. Re7 Rb1 77. Re4 Kb7 78. Rb4 Ra1+ 79.
Kb5 Ra2 80. Rb1 Ra3 81. Re1 Rb3+ 82. Kc4 Rb2 83. Re7+ Kb8 84. Kc5 1-0

[Event "BL 9192 Bayern-Buna Halle"]
[Site "?"]
[Date "1991.??.??"]
[Round "?.2"]
[White "Ribli, Z."]
[Black "Smejkal, J."]
[Result "1-0"]
[WhiteElo "2595"]
[BlackElo "2555"]
[PlyCount "28"]
[EventDate "1991.??.??"]

1. Nf3 Nf6 2. c4 g6 3. g3 Bg7 4. Bg2 O-O 5. O-O d6 6. d4 c6 7. b3 Nbd7 8. Nc3
Re8 9. e4 e5 10. h3 a6 11. Be3 exd4 12. Nxd4 Nc5 13. Qd2 Qe7 14. Rfe1 Nfd7 {
.../41/} 1-0

[Event "BL 9192 Bayern-Buna Halle"]
[Site "?"]
[Date "1991.??.??"]
[Round "?.3"]
[White "Schoeneberg, M."]
[Black "Hjartarson, J."]
[Result "0-1"]
[WhiteElo "2335"]
[BlackElo "2550"]
[PlyCount "74"]
[EventDate "1991.??.??"]

1. e4 e5 2. Nf3 Nc6 3. Bb5 a6 4. Ba4 Nf6 5. O-O Be7 6. Re1 b5 7. Bb3 d6 8. c3
O-O 9. Bc2 Bg4 10. d3 d5 11. h3 Bh5 12. Nbd2 Re8 13. Nf1 dxe4 14. dxe4 Qxd1 15.
Rxd1 Bxf3 16. gxf3 Nh5 17. Ne3 Bg5 18. Nd5 Bxc1 19. Raxc1 Rac8 20. a4 Ne7 21.
Nxe7+ Rxe7 22. axb5 axb5 23. Bd3 c6 24. Bf1 Nf4 25. b4 g5 26. c4 bxc4 27. Rxc4
Rb8 28. Kh2 Kg7 29. Kg3 Re6 30. Rd7 Ra8 31. Rc1 Ra4 32. Rb7 Rf6 33. Rc5 Ra1 34.
Bc4 Ng6 35. Re7 Nh4 36. Rxf7+ Rxf7 37. Bxf7 Rg1+ 0-1

[Event "BL 9192 Bayern-Buna Halle"]
[Site "?"]
[Date "1991.??.??"]
[Round "?.4"]
[White "Hertneck, G."]
[Black "Trapl, J."]
[Result "1-0"]
[WhiteElo "2555"]
[BlackElo "2385"]
[PlyCount "47"]
[EventDate "1991.??.??"]

1. d4 Nf6 2. c4 e5 3. dxe5 Ne4 4. Qc2 Bb4+ 5. Nd2 d5 6. Ngf3 Bf5 7. Qb3 Bxd2+
8. Nxd2 Nd7 9. cxd5 O-O 10. Nxe4 Bxe4 11. f3 Bg6 12. Bf4 Qe7 13. Qc3 Nb6 14. e4
c6 15. d6 Qe6 16. Qb3 Qc8 17. h4 h5 18. g3 Kh8 19. Bh3 Qe8 20. O-O f5 21. Rae1
fxe4 22. fxe4 Bf7 23. e6 Bg8 24. Bg5 1-0

[Event "BL 9192 Bayern-Buna Halle"]
[Site "?"]
[Date "1991.??.??"]
[Round "?.5"]
[White "Liebert, H."]
[Black "Boensch, U."]
[Result "1/2-1/2"]
[WhiteElo "2395"]
[BlackElo "2560"]
[PlyCount "86"]
[EventDate "1991.??.??"]

1. c4 e6 2. Nf3 d5 3. b3 Nf6 4. g3 a5 5. Bg2 a4 6. O-O Nc6 7. bxa4 Be7 8. Bb2
O-O 9. d4 Ne4 10. Nbd2 f5 11. e3 Bd7 12. Nxe4 fxe4 13. Nd2 Nb4 14. Bc3 Bxa4 15.
Qg4 Rf6 16. Nxe4 dxe4 17. Bxe4 Bd7 18. Bxb7 Ra4 19. Qe2 c6 20. d5 exd5 21. cxd5
Rg6 22. dxc6 Nxc6 23. Rfd1 Qc7 24. Qb5 Nd4 25. Qd5+ Be6 26. Rxd4 Qxc3 27. Rb1
Rxd4 28. Qxd4 Qxd4 29. exd4 Bxa2 30. Rb2 Bf7 31. Be4 Rd6 32. Rb7 Re6 33. Rb8+
Bf8 34. Bxh7+ Kxh7 35. Rxf8 Re1+ 36. Kg2 Bd5+ 37. f3 Re2+ 38. Kg1 Rd2 39. Rf4
Kg6 40. h4 Kh6 41. Kf1 Bc4+ 42. Kg1 Bd5 43. Kf1 Bc4+ 1/2-1/2

[Event "BL 9192 Bayern-Buna Halle"]
[Site "?"]
[Date "1991.??.??"]
[Round "?.6"]
[White "Kindermann, S."]
[Black "Dietze, W."]
[Result "0-1"]
[WhiteElo "2500"]
[BlackElo "2290"]
[PlyCount "98"]
[EventDate "1991.??.??"]

1. e4 c5 2. Nf3 e6 3. d4 cxd4 4. Nxd4 Nf6 5. Nc3 d6 6. g4 Nc6 7. g5 Nd7 8. Be3
Nde5 9. Nb3 Na5 10. Nxa5 Qxa5 11. f4 Nc6 12. Qd2 a6 13. O-O-O Be7 14. Qf2 Qc7
15. Bb6 Qb8 16. h4 O-O 17. f5 Bd8 18. Be3 b5 19. f6 Ne5 20. fxg7 Re8 21. Bd4
Qc7 22. Ne2 Bb7 23. Ng3 Rc8 24. Kb1 d5 25. Bd3 Nc6 26. Bc3 d4 27. Bd2 Ne5 28.
Bf4 Nxd3 29. cxd3 Qd7 30. Rdf1 b4 31. Bd2 a5 32. g6 hxg6 33. h5 g5 34. h6 f5
35. Rh5 Ba6 36. Qe2 f4 37. Bxf4 gxf4 38. Rxf4 Rc1+ 39. Kxc1 Qc7+ 40. Kb1 Qxf4
41. Rh3 Kh7 42. Nh5 Qf7 43. Rf3 Qxh5 44. Rf8 Qxe2 45. g8=Q+ Kxh6 46. Qh8+ Kg5
47. Qg7+ Kh4 48. Qh6+ Kg3 49. Qg6+ Kh3 0-1

[Event "BL 9192 Bayern-Buna Halle"]
[Site "?"]
[Date "1991.??.??"]
[Round "?.7"]
[White "Csulits, A."]
[Black "Bischoff, K."]
[Result "0-1"]
[WhiteElo "2325"]
[BlackElo "2510"]
[PlyCount "142"]
[EventDate "1991.??.??"]

1. d4 g6 2. Nf3 Bg7 3. g3 c5 4. Bg2 cxd4 5. Nxd4 Nc6 6. Nb3 d6 7. O-O Be6 8.
N1d2 Qd7 9. Re1 Bh3 10. Bh1 h5 11. Nf3 h4 12. Nbd4 hxg3 13. fxg3 Rc8 14. c3 Nf6
15. Nxc6 bxc6 16. e4 Ng4 17. Bf4 Qc7 18. Qe2 Qb6+ 19. Be3 Nxe3 20. Qxe3 Qxe3+
21. Rxe3 Rh5 22. Rae1 f6 23. Nd4 Bd7 24. R3e2 c5 25. Nc2 c4 26. Ne3 Ra5 27. a3
Rb5 28. Rd1 Bh6 29. Kf2 Rcb8 30. Rdd2 Kf7 31. Bf3 Be6 32. Rc2 Re5 33. Ng4 Rh5
34. Nxh6+ Rxh6 35. Ke3 g5 36. Rf2 Rc8 37. Rcd2 Rc5 38. Rd4 Rh8 39. Rdd2 Ke8 40.
Rd4 Kd7 41. Rdd2 Kc7 42. Bd1 Kb6 43. Bf3 Re5 44. Rd4 Kc5 45. Kd2 f5 46. Re2 f4
47. gxf4 gxf4 48. Rg2 Rh3 49. Ke2 Bf7 50. Kf2 Kc6 51. Rd2 Kc7 52. Rd4 Rb5 53.
Rd2 Be6 54. Ke2 Rb8 55. Rf2 Bd7 56. Kf1 e5 57. Kg1 Bc6 58. Kf1 Rg8 59. Rde2 Kb6
60. Re1 Kc5 61. Ree2 Rg7 62. Re1 Bd7 63. Ree2 Be6 64. Rd2 Rh8 65. Ke1 Rh3 66.
Kf1 Rg6 67. Ke1 Rg1+ 68. Ke2 Kc6 69. Rd1 Rxd1 70. Kxd1 Rxf3 71. Rxf3 Bg4 0-1

[Event "BL 9192 Bayern-Buna Halle"]
[Site "?"]
[Date "1991.??.??"]
[Round "?.8"]
[White "Stangl, M."]
[Black "Becker, Mi"]
[Result "1-0"]
[WhiteElo "2490"]
[BlackElo "2285"]
[PlyCount "83"]
[EventDate "1991.??.??"]

1. Nf3 c5 2. c4 Nc6 3. d4 cxd4 4. Nxd4 g6 5. e4 Bg7 6. Be3 Nf6 7. Nc3 Ng4 8.
Qxg4 Nxd4 9. Qd1 Ne6 10. Rc1 Qa5 11. Be2 b6 12. O-O Bb7 13. f3 g5 14. Rf2 h5
15. Bf1 Qe5 16. Rd2 Bc6 17. b4 Rd8 18. Nd5 Qb8 19. c5 bxc5 20. bxc5 Be5 21. h3
Rg8 22. Qb3 g4 23. Qxb8 Bxb8 24. hxg4 hxg4 25. f4 Bxd5 26. exd5 Bxf4 27. Bxf4
Nxf4 28. Rd4 Nh5 29. Ra4 Nf6 30. c6 Nxd5 31. c7 Rc8 32. Rxa7 e6 33. Ba6 Ke7 34.
a4 Kd6 35. Bxc8 Rxc8 36. Ra6+ Ke5 37. a5 f5 38. Rb6 f4 39. Rb7 Kd4 40. a6 Nc3
41. Rb4+ Kd3 42. Rb3 1-0

[Event "BL 9192 Empor Berlin-Bayern"]
[Site "?"]
[Date "1991.??.??"]
[Round "?.3"]
[White "Hjartarson, J."]
[Black "Muse, M."]
[Result "1-0"]
[WhiteElo "2550"]
[BlackElo "2445"]
[PlyCount "77"]
[EventDate "1991.??.??"]

1. c4 Nf6 2. Nc3 g6 3. e4 d6 4. d4 Bg7 5. f3 O-O 6. Bg5 c6 7. Qd2 a6 8. O-O-O
b5 9. h4 Be6 10. h5 b4 11. Na4 Qa5 12. b3 c5 13. e5 dxe5 14. dxe5 Nxh5 15. Bh6
f5 16. Rxh5 gxh5 17. Qg5 Rf7 18. Nh3 Nd7 19. Nf4 Nf8 20. Nxh5 Ng6 21. Nxg7 Rxg7
22. Bxg7 Kxg7 23. Qe3 Rc8 24. f4 Qc7 25. g3 Qc6 26. Be2 Qe4 27. Qxe4 fxe4 28.
Kd2 Bd7 29. Ke3 Bxa4 30. bxa4 Nf8 31. f5 b3 32. axb3 Rb8 33. Rb1 e6 34. f6+ Kg6
35. Kxe4 Kg5 36. a5 h6 37. Rd1 Rxb3 38. Rd8 Ng6 39. Rg8 1-0

[Event "BL 9192 Empor Berlin-Bayern"]
[Site "?"]
[Date "1991.??.??"]
[Round "?.4"]
[White "Volke, K."]
[Black "Hertneck, G."]
[Result "1/2-1/2"]
[WhiteElo "2425"]
[BlackElo "2555"]
[PlyCount "82"]
[EventDate "1991.??.??"]

1. d4 Nf6 2. c4 c5 3. d5 b5 4. cxb5 a6 5. f3 e6 6. e4 exd5 7. e5 Qe7 8. Qe2 Ng8
9. Nc3 Bb7 10. Nh3 c4 11. Be3 Qb4 12. b6 Bc5 13. O-O-O Qxb6 14. Bxc5 Qxc5 15.
Qf2 Qxf2 16. Nxf2 Ne7 17. Ng4 Ra7 18. Ne3 Nbc6 19. Nexd5 Nxe5 20. Nb6 N7g6 21.
Nxc4 Kd8 22. Nd6 Bc6 23. Rd4 Kc7 24. Be2 Nf4 25. Rxf4 Kxd6 26. Rd1+ Ke6 27.
Rfd4 g5 28. Re1 Re8 29. h4 h6 30. hxg5 hxg5 31. g3 Kf6 32. Rf1 a5 33. f4 gxf4
34. gxf4 Ng6 35. Bc4 Nh4 36. Rd6+ Ke7 37. Rh6 Nf5 38. Rh7 Nd6 39. Bd3 a4 40.
Rh6 Ra5 41. Kd2 Nb7 1/2-1/2

[Event "BL 9192 Empor Berlin-Bayern"]
[Site "?"]
[Date "1991.??.??"]
[Round "?.5"]
[White "Boensch, U."]
[Black "Poldauf, D."]
[Result "1-0"]
[WhiteElo "2560"]
[BlackElo "2385"]
[PlyCount "73"]
[EventDate "1991.??.??"]

1. d4 Nf6 2. c4 g6 3. Nc3 Bg7 4. e4 d6 5. Nge2 O-O 6. Ng3 e5 7. d5 c6 8. Be2
Na6 9. Bg5 h6 10. Be3 cxd5 11. cxd5 h5 12. h3 Nh7 13. Qd2 Bf6 14. O-O h4 15.
Nh1 Bd7 16. f4 exf4 17. Bxf4 Rc8 18. Nf2 Bg5 19. Bg4 f5 20. exf5 gxf5 21. Bh5
Bxf4 22. Qxf4 Qf6 23. Rad1 b5 24. Be2 Rc5 25. a3 Nc7 26. Rd4 Re8 27. Bh5 Re5
28. Nd3 Nxd5 29. Qxh4 Qxh4 30. Rxh4 Nxc3 31. bxc3 Rxc3 32. Nxe5 dxe5 33. Bg6
Nf6 34. Bxf5 Rxa3 35. Bxd7 Nxd7 36. Rg4+ Kh8 37. Rf5 1-0

[Event "BL 9192 Empor Berlin-Bayern"]
[Site "?"]
[Date "1991.??.??"]
[Round "?.6"]
[White "Stern, R."]
[Black "Kindermann, S."]
[Result "0-1"]
[WhiteElo "2360"]
[BlackElo "2500"]
[PlyCount "66"]
[EventDate "1991.??.??"]

1. d4 Nf6 2. c4 g6 3. Nf3 Bg7 4. g3 O-O 5. Bg2 d6 6. O-O Nc6 7. Nc3 Bf5 8. Ne1
Qc8 9. e4 Bh3 10. Nc2 e5 11. d5 Ne7 12. Qe2 Bxg2 13. Kxg2 a5 14. f3 Nd7 15. Bg5
f6 16. Be3 Kh8 17. f4 f5 18. fxe5 dxe5 19. Rad1 Ra6 20. c5 Raf6 21. Kh1 Ng8 22.
Bg5 R6f7 23. c6 bxc6 24. dxc6 Nb8 25. Qc4 Qe8 26. Nd5 Nxc6 27. exf5 gxf5 28.
Nce3 Nd4 29. Ng2 Qe6 30. Qc5 Qa6 31. Nc3 Ne6 32. Qe3 f4 33. gxf4 Nxg5 0-1

[Event "BL 9192 Empor Berlin-Bayern"]
[Site "?"]
[Date "1991.??.??"]
[Round "?.7"]
[White "Bischoff, K."]
[Black "Rosenthal, D."]
[Result "1-0"]
[WhiteElo "2510"]
[BlackElo "2350"]
[PlyCount "69"]
[EventDate "1991.??.??"]

1. d4 Nf6 2. c4 g6 3. Nc3 Bg7 4. e4 d6 5. f3 O-O 6. Nge2 c5 7. d5 e6 8. Ng3
exd5 9. cxd5 b6 10. a4 Re8 11. Bb5 Nfd7 12. O-O Ba6 13. f4 Bxb5 14. axb5 Qh4
15. Qf3 a5 16. Ra4 Ra7 17. e5 f5 18. e6 Nf6 19. h3 Rf8 20. Be3 Ne8 21. Bf2 Qe7
22. Nge2 Bf6 23. Qd3 Rc7 24. g4 Rc8 25. gxf5 gxf5 26. Kh2 Kh8 27. Rg1 Ng7 28.
Raa1 Qe8 29. Rg2 Rc7 30. Rag1 Nh5 31. Be1 Bg7 32. Bd2 Bh6 33. Nd1 c4 34. Bc3+
Ng7 35. Qf3 1-0

[Event "BL 9192 Buna Halle-München 36"]
[Site "?"]
[Date "1991.??.??"]
[Round "?.2"]
[White "Lechtinsky, J."]
[Black "Smejkal, J."]
[Result "0-1"]
[WhiteElo "2400"]
[BlackElo "2555"]
[PlyCount "52"]
[EventDate "1991.??.??"]

1. Nf3 Nf6 2. g3 c5 3. Bg2 Nc6 4. c4 d5 5. cxd5 Nxd5 6. Nc3 Nc7 7. d3 e5 8. Be3
Be7 9. Nd2 Bd7 10. O-O O-O 11. Nc4 f6 12. f4 b5 13. Nd2 exf4 14. Bxf4 Kh8 15.
Bxc7 Qxc7 16. Nxb5 Qb8 17. Nc3 Qxb2 18. Rc1 Rac8 19. Nc4 Qb8 20. Rb1 Qc7 21.
Nd5 Qd8 22. Rb7 Re8 23. Nxe7 Rxe7 24. Nd6 Rc7 25. Qb3 Be6 26. Qa4 Qxd6 0-1

[Event "BL 9192 Buna Halle-München 36"]
[Site "?"]
[Date "1991.??.??"]
[Round "?.3"]
[White "Gruenberg, HU."]
[Black "Schoeneberg, M."]
[Result "1-0"]
[WhiteElo "2530"]
[BlackElo "2335"]
[PlyCount "81"]
[EventDate "1991.??.??"]

1. d4 Nf6 2. c4 d6 3. Nf3 Nbd7 4. Nc3 e5 5. e4 Be7 6. Be2 c6 7. O-O O-O 8. Re1
Re8 9. Bf1 Qc7 10. h3 h6 11. Rb1 a6 12. Be3 exd4 13. Nxd4 Bf8 14. Bf4 b5 15. a3
Nc5 16. Qc2 bxc4 17. Bxc4 Ne6 18. Bxe6 Bxe6 19. e5 d5 20. Bxh6 Nd7 21. Bf4 c5
22. Nxe6 fxe6 23. Bg3 Qb7 24. Ne2 Rab8 25. b3 a5 26. Nf4 Nb6 27. Ng6 c4 28.
bxc4 Qc6 29. Qb3 Qxc4 30. Qf3 Qc2 31. Qh5 Nc4 32. Rbd1 Bc5 33. a4 Rb2 34. Kh1
Ne3 35. Rc1 Qe4 36. Nf4 Rc2 37. Qxe8+ Kh7 38. Qh5+ Kg8 39. Qe8+ Kh7 40. Qh5+
Kg8 41. Rxc2 1-0

[Event "BL 9192 Buna Halle-München 36"]
[Site "?"]
[Date "1991.??.??"]
[Round "?.4"]
[White "Trapl, J."]
[Black "Enders, P."]
[Result "0-1"]
[WhiteElo "2385"]
[BlackElo "2475"]
[PlyCount "80"]
[EventDate "1991.??.??"]

1. d4 Nf6 2. Nf3 e6 3. e3 b6 4. Bd3 Bb7 5. Nbd2 c5 6. O-O Nc6 7. c3 d5 8. Ne5
Qc7 9. f4 g6 10. Ndf3 Bg7 11. Ng5 O-O 12. Qf3 h6 13. Nh3 Ne4 14. Nf2 Nxe5 15.
fxe5 f5 16. Nh3 g5 17. Qe2 Bc6 18. Bd2 Bd7 19. Rac1 c4 20. Bc2 b5 21. Be1 a5
22. Nf2 Qc6 23. Nxe4 dxe4 24. h4 Be8 25. b3 Rc8 26. g4 Bg6 27. bxc4 bxc4 28.
Bg3 Rf7 29. Rb1 Rcf8 30. hxg5 hxg5 31. gxf5 exf5 32. Rfd1 f4 33. Bf2 Qe6 34. d5
Qxe5 35. Rb6 fxe3 36. Be1 Rf2 37. Bxf2 Rxf2 38. Qxf2 exf2+ 39. Kxf2 e3+ 40. Ke2
Bh5+ 0-1

[Event "BL 9192 Buna Halle-München 36"]
[Site "?"]
[Date "1991.??.??"]
[Round "?.5"]
[White "Bastian, H."]
[Black "Liebert, H."]
[Result "1-0"]
[WhiteElo "2330"]
[BlackElo "2395"]
[PlyCount "75"]
[EventDate "1991.??.??"]

1. e4 c5 2. Nc3 Nc6 3. g3 g6 4. Bg2 Bg7 5. d3 d6 6. f4 e5 7. Nh3 Nd4 8. O-O Ne7
9. f5 f6 10. g4 h5 11. g5 gxf5 12. exf5 Bxf5 13. gxf6 Bxf6 14. Ne4 Bg7 15. c3
Ndc6 16. Qb3 Qd7 17. Nhg5 Nd8 18. Rxf5 Nxf5 19. Bh3 Ke7 20. Ng3 Rf8 21. Nh7 Nd4
22. Bg5+ Bf6 23. Nxf6 Nf3+ 24. Kg2 Qxh3+ 25. Kxh3 Nxg5+ 26. Kg2 Rxf6 27. Qg8
Nge6 28. Rf1 Nf4+ 29. Kh1 Rf8 30. Qg5+ Kd7 31. Nxh5 Nde6 32. Nf6+ Kc6 33. Qf5
Rf7 34. Qe4+ Kc7 35. Nd5+ Kd7 36. Nxf4 Raf8 37. Qa4+ Kc8 38. Nxe6 1-0

[Event "BL 9192 Buna Halle-München 36"]
[Site "?"]
[Date "1991.??.??"]
[Round "?.6"]
[White "Dietze, W."]
[Black "Ruf, M."]
[Result "0-1"]
[WhiteElo "2290"]
[BlackElo "2390"]
[PlyCount "100"]
[EventDate "1991.??.??"]

1. d4 Nf6 2. Nf3 e6 3. e3 b6 4. Be2 Bb7 5. O-O c5 6. c4 Be7 7. Nc3 cxd4 8. Nxd4
a6 9. b3 O-O 10. Bb2 Qc7 11. Rc1 d6 12. Bf3 Nbd7 13. Bxb7 Qxb7 14. Qf3 Qxf3 15.
Nxf3 Rfc8 16. Ba3 Nc5 17. Rfd1 Kf8 18. Nd4 Rc7 19. f3 Nfd7 20. Kf1 Nb7 21. Ke2
Rac8 22. Bb2 Bf6 23. Ne4 Be7 24. g4 Nbc5 25. Ng3 Nb7 26. f4 h6 27. Rf1 Kg8 28.
Ba3 Bf8 29. h4 d5 30. Bxf8 Nxf8 31. Rb1 dxc4 32. bxc4 Nd7 33. Rfd1 Na5 34. f5
e5 35. Nf3 Nxc4 36. Ne4 Nc5 37. Nc3 b5 38. Nd5 Rd7 39. f6 Kf8 40. Ne7 Rcd8 41.
Rxd7 Rxd7 42. fxg7+ Kxg7 43. Nf5+ Kh7 44. g5 Ne4 45. Rc1 hxg5 46. hxg5 Nxg5 47.
Rh1+ Kg6 48. N3h4+ Kf6 49. Rf1 Rd2+ 50. Ke1 Rxa2 0-1

[Event "BL 9192 Buna Halle-München 36"]
[Site "?"]
[Date "1991.??.??"]
[Round "?.7"]
[White "Roese, O."]
[Black "Csulits, A."]
[Result "1/2-1/2"]
[WhiteElo "2375"]
[BlackElo "2325"]
[PlyCount "51"]
[EventDate "1991.??.??"]

1. e4 g6 2. d4 Bg7 3. Nf3 c6 4. Bd3 d5 5. e5 Bg4 6. Nbd2 e6 7. h3 Bxf3 8. Nxf3
Ne7 9. O-O Qc7 10. c3 O-O 11. Re1 c5 12. dxc5 Qxc5 13. Be3 Qc7 14. Qd2 Nd7 15.
Bh6 Nc6 16. Bxg7 Kxg7 17. Qf4 Rac8 18. Bb5 Qb6 19. Bxc6 Rxc6 20. Qd2 a6 21. Re3
Qd8 22. Rae1 Qe7 23. Nh2 b5 24. Rg3 h5 25. Nf3 Rc4 26. Nd4 1/2-1/2

[Event "BL 9192 Buna Halle-München 36"]
[Site "?"]
[Date "1991.??.??"]
[Round "?.8"]
[White "Becker, Mi"]
[Black "Reich, T."]
[Result "1-0"]
[WhiteElo "2285"]
[BlackElo "2400"]
[PlyCount "33"]
[EventDate "1991.??.??"]

1. e4 d6 2. d4 Nf6 3. Nc3 g6 4. Be2 Bg7 5. Be3 c6 6. Qd2 b5 7. f3 Qc7 8. Bh6
Bxh6 9. Qxh6 a6 10. Nh3 Bxh3 11. Qxh3 Nbd7 12. Qh6 c5 13. d5 c4 14. O-O O-O-O
15. a4 Kb7 16. axb5 axb5 17. Ra7+ 1-0

[Event "BL 9192 Sindelfingen-München 36"]
[Site "?"]
[Date "1991.??.??"]
[Round "?.2"]
[White "Luther, T."]
[Black "Smejkal, J."]
[Result "1/2-1/2"]
[WhiteElo "2495"]
[BlackElo "2555"]
[PlyCount "38"]
[EventDate "1991.??.??"]

1. e4 e5 2. Nf3 Nc6 3. d4 exd4 4. Nxd4 Bc5 5. Be3 Qf6 6. c3 Nge7 7. Bc4 Ne5 8.
Be2 Qg6 9. O-O d6 10. f4 Qxe4 11. Bf2 Bxd4 12. cxd4 N5g6 13. Nc3 Qxf4 14. Nb5
O-O 15. Nxc7 Rb8 16. d5 Qg5 17. Bxa7 Bh3 18. Rf2 Rbc8 19. Nb5 Nxd5 1/2-1/2

[Event "BL 9192 Sindelfingen-München 36"]
[Site "?"]
[Date "1991.??.??"]
[Round "?.3"]
[White "Gruenberg, HU."]
[Black "Fahnenschmidt, G."]
[Result "1/2-1/2"]
[WhiteElo "2530"]
[BlackElo "2385"]
[PlyCount "54"]
[EventDate "1991.??.??"]

1. d4 Nf6 2. c4 e6 3. Nf3 b6 4. g3 Ba6 5. b3 Bb4+ 6. Bd2 Be7 7. Bg2 c6 8. Bc3
d5 9. Nbd2 Nbd7 10. O-O O-O 11. Re1 Rc8 12. e4 Bb7 13. Qe2 Ne8 14. Rac1 Nc7 15.
Red1 Re8 16. Ne1 Bf8 17. Nd3 c5 18. dxc5 bxc5 19. exd5 exd5 20. Qg4 Ba6 21. Bh3
Nf6 22. Bxf6 Qxf6 23. Qf4 Qxf4 24. Nxf4 Rcd8 25. Nxd5 Nxd5 26. cxd5 Rxd5 27.
Bf1 Be2 1/2-1/2

[Event "BL 9192 Sindelfingen-München 36"]
[Site "?"]
[Date "1991.??.??"]
[Round "?.4"]
[White "Marinkovic, I."]
[Black "Enders, P."]
[Result "0-1"]
[WhiteElo "2485"]
[BlackElo "2475"]
[PlyCount "76"]
[EventDate "1991.??.??"]

1. e4 c5 2. Nf3 d6 3. d4 cxd4 4. Nxd4 Nf6 5. Nc3 e6 6. g3 Be7 7. Bg2 O-O 8. O-O
Nc6 9. Be3 Bd7 10. Nxc6 Bxc6 11. a4 Qd7 12. Re1 Rfc8 13. a5 b5 14. axb6 axb6
15. Rxa8 Bxa8 16. Qd4 b5 17. Ra1 Bc6 18. h3 h6 19. Qb6 Qc7 20. Qd4 Qd8 21. Rd1
Qa5 22. Nb1 e5 23. Qd3 Qb4 24. Nd2 Qxb2 25. Rb1 Qa2 26. c3 Bd7 27. Re1 Qb2 28.
Nb1 Be6 29. Bc1 Qb3 30. Ba3 Ra8 31. Bb4 Ra1 32. Kh2 Bc4 33. Qd2 Rxb1 34. Rxb1
Qxb1 35. Bxd6 Bxd6 36. Qxd6 Nxe4 37. Qxe5 Nf6 38. Qb8+ Kh7 0-1

[Event "BL 9192 Sindelfingen-München 36"]
[Site "?"]
[Date "1991.??.??"]
[Round "?.5"]
[White "Bastian, H."]
[Black "Kraut, R."]
[Result "0-1"]
[WhiteElo "2330"]
[BlackElo "2390"]
[PlyCount "118"]
[EventDate "1991.??.??"]

1. e4 d5 2. exd5 Nf6 3. d4 Nxd5 4. Bc4 Nc6 5. c3 Bf5 6. Ne2 e6 7. Ng3 Bg6 8.
O-O Be7 9. Nd2 O-O 10. Nf3 Nb6 11. Bb3 Qd7 12. Qe2 Rad8 13. Re1 h6 14. Be3 Bf6
15. Rad1 Rfe8 16. a3 a6 17. Bc1 Na5 18. Bc2 Bxc2 19. Qxc2 Qd5 20. Ne5 Qb3 21.
Qe4 Bxe5 22. Qxe5 Nac4 23. Qe2 Nd6 24. Qg4 Kh7 25. Nh5 Rg8 26. Rd3 Qb5 27. Rf3
Nd7 28. Qh3 Rh8 29. Rg3 g6 30. Nf6+ Nxf6 31. Qxh6+ Kg8 32. Rxg6+ fxg6 33. Qxg6+
Kf8 34. Qxf6+ Nf7 35. Rxe6 Re8 36. Rxe8+ Qxe8 37. Be3 Qe4 38. g3 Qb1+ 39. Kg2
Qe4+ 40. Kg1 Qb1+ 41. Kg2 Qh7 42. h4 Qe4+ 43. Kh2 Ke8 44. b3 Rg8 45. c4 Rg6 46.
Qf4 Qxf4 47. Bxf4 Rb6 48. b4 Re6 49. Bxc7 Rc6 50. Bf4 Rxc4 51. Be3 Rc3 52. g4
Rxa3 53. g5 Nd6 54. h5 Nf5 55. Bf4 Nxd4 56. g6 Nf5 57. h6 Nh4 58. g7 Kf7 59.
Bc1 Rb3 0-1

[Event "BL 9192 Sindelfingen-München 36"]
[Site "?"]
[Date "1991.??.??"]
[Round "?.7"]
[White "Roese, O."]
[Black "Franke, H."]
[Result "1/2-1/2"]
[WhiteElo "2375"]
[BlackElo "2380"]
[PlyCount "36"]
[EventDate "1991.??.??"]

1. e4 e6 2. d4 d5 3. Nc3 Bb4 4. e5 c5 5. Bd2 Ne7 6. a3 Bxc3 7. Bxc3 Nbc6 8. Nf3
cxd4 9. Nxd4 Nxe5 10. Nxe6 Bxe6 11. Bxe5 O-O 12. Bd3 Nc6 13. Bg3 Qf6 14. Rb1
Bf5 15. O-O Rfe8 16. Bxf5 Qxf5 17. Qd2 h6 18. Rfe1 d4 1/2-1/2

[Event "BL 9192 Sindelfingen-München 36"]
[Site "?"]
[Date "1991.??.??"]
[Round "?.8"]
[White "Werner, Marc"]
[Black "Reich, T."]
[Result "0-1"]
[WhiteElo "2335"]
[BlackElo "2400"]
[PlyCount "90"]
[EventDate "1991.??.??"]

1. e4 d6 2. Nc3 Nf6 3. f4 g6 4. Nf3 Bg7 5. Bc4 Nc6 6. O-O O-O 7. Qe1 e6 8. d3
Na5 9. Bb3 c5 10. e5 Ne8 11. Ba4 d5 12. Bd2 Nc7 13. Ne2 Nc6 14. c3 b5 15. Bc2
d4 16. cxd4 cxd4 17. Bb4 Nd5 18. Bxf8 Bxf8 19. Bb3 Ne3 20. Rc1 Nb4 21. Qd2 Nxf1
22. Kxf1 Bb7 23. Nfxd4 a5 24. Nxb5 a4 25. Bc4 Rc8 26. Qe3 Bc5 27. Qh3 Nd5 28.
d4 Bf8 29. b3 axb3 30. axb3 Qb6 31. Nbc3 Nxc3 32. Rxc3 Ra8 33. Rd3 Ra2 34. Qe3
Qa5 35. Rd1 Qa8 36. Qg3 Bb4 37. f5 Ra1 38. Nc1 Ba3 39. fxe6 fxe6 40. Qg5 Bd5
41. Kg1 Bxc4 42. bxc4 Qe4 43. c5 Bxc1 44. Rxc1 Qxd4+ 45. Kf1 Qc4+ 0-1